Score 0/101 Timer 11:00
7 Plays Today
% Correct
Dwarfs
86%
Dumber
85.7%
Die
85.4%
Dollar
85.3%
Day
85.2%
Dame
84.9%
Driver
84.4%
Daisy
84.1%
Damage
84.1%
Dalmatians
84%
Diary
83.7%
Dozen
83.5%
Dance
83%
Diamonds
82.9%
Don't
82.8%
Down
82.6%
Daddy
82.4%
Dirty
82.3%
Dragon
82.3%
Dogs
82.2%
Dark
82.2%
Do
82.1%
Dude
81.7%
Diaries
81.5%
Django
81.4%
Desire
81.1%
Doesn't
81.1%
Dial
80.7%
Death
80.2%
Deck
80%
Don
79.7%
Dorado
79.7%
Darko
79.6%
Deathly
79%
% Correct
Doctor
78.8%
Dick
78.3%
Dances
77.9%
Deer
77.4%
Despicable
76.6%
Dearest
75.9%
Desperately
75.7%
Dangerous
74.9%
Dollars
74.1%
Drive
73.8%
Dolly
73%
Dog
72.9%
Dredd
72.8%
Damn
72.8%
Dead
72.3%
Dagger
71.2%
Dolittle
70.9%
Duck
68.6%
Dolce
67.4%
Dudley
67.2%
Date
67%
Double
66.5%
Drugs
65.6%
Died
64.9%
Done
64.6%
Dangerously
64.5%
Dawn
64.4%
Distance
64.3%
District
62.6%
Dinner
62.4%
Daggers
59.8%
Dictator
59.7%
Dahlia
58.4%
Delta
57%
% Correct
Dream
56.8%
Dumbo
55.6%
Detroit
55.5%
Dressed
55.5%
Divide
55.4%
Din
55.3%
Dying
53.3%
Days
52.9%
Deeds
51.7%
Dan
51%
Denver
50.5%
Dunston
50.2%
Diggers
49.1%
Doubt
48.7%
Darjeeling
48.4%
Dogtown
46.9%
Dallas
45.4%
Douce
44%
Dancing
43.7%
Dies
42.9%
Drum
42.6%
Defiant
41.8%
Doll
41.4%
Diving
40.9%
Divorcee
40.5%
Demon
40.2%
Destry
37%
Deadly
36.4%
Dry
34.7%
Desperate
34.3%
Darlings
33%
Dancer
31.7%
Detail
26%
Remove Ads.
Support Sporcle.
Get the best of Sporcle when you Go Orange. This ad-free experience offers more features, more stats, and more fun while also helping to support Sporcle. Thank you for becoming a member.

You're not logged in!

Compare scores with friends on all Sporcle quizzes.
OR
Log In

Show Comments

Extras

Top Quizzes Today


Score Distribution

Your Account Isn't Verified!

In order to create a playlist on Sporcle, you need to verify the email address you used during registration. Go to your Sporcle Settings to finish the process.

Report this User

Report this user for behavior that violates our Community Guidelines.

Details: